[Event "Let's March"]
[Site "SchemingMind.com"]
[Date "2017.03.14"]
[Round "-"]
[White "Scooter"]
[Black "Iucounu"]
[Result "1-0"]
[WhiteCountry "USA"]
[BlackCountry "ENG"]
[WhiteElo "1644"]
[WhiteRD "52"]
[BlackElo "1534"]
[BlackRD "81"]
[GameID "411718"]

1. d4 Nf6 2. Nf3 g6 3. Bf4 Bg7 4. e3 d6 5. Be2 O-O 6. O-O Nbd7 7. Nbd2 Re8 8. Bg5 h6 9. Bxf6 Bxf6 10. c4 e5
11. dxe5 dxe5 12. Ne4 Bg7 13. Qc2 Nf6 14. Rfd1 Qe7 15. Nxf6+ Qxf6 16. e4 Be6 17. Rd2 Red8 18. Rad1 Rxd2 19. Rxd2 Rd8 20. Rxd8+ Qxd8
21. Qd3 Qxd3 22. Bxd3 c5 23. Ne1 h5 24. Nc2 f5 25. exf5 Bxf5 26. Bxf5 gxf5 27. b3 f4 28. f3 h4 29. Kf2 Bf6 30. Ne1 Kf7
31. Nd3 b6 32. g3 fxg3+ 33. hxg3 hxg3+ 34. Kxg3 Ke6 35. Kg4 Be7 36. Nf2 a6 37. f4 exf4 38. Kxf4 b5 39. Ne4 bxc4 40. bxc4 Bd6+
41. Nxd6 Kxd6 42. Kf5 Kc6 43. Ke5 a5 44. a4
1-0

[Event "Let's March"]
[Site "SchemingMind.com"]
[Date "2017.03.14"]
[Round "-"]
[White "Iucounu"]
[Black "Scooter"]
[Result "1/2-1/2"]
[WhiteCountry "ENG"]
[BlackCountry "USA"]
[WhiteElo "1534"]
[WhiteRD "81"]
[BlackElo "1644"]
[BlackRD "52"]
[GameID "411719"]

1. e4 c6 2. d4 d5 3. Nc3 dxe4 4. Nxe4 Bf5 5. Ng3 Bg6 6. h4 h6 7. h5 Bh7 8. Nf3 Nd7 9. Bd3 Bxd3 10. Qxd3 Qc7
11. Bd2 O-O-O 12. O-O-O Ngf6 13. Ne4 e6 14. Nxf6 Nxf6 15. Qe2 Bd6 16. Ne5 Bxe5 17. Qxe5 Qxe5 18. dxe5 Ng4 19. Rhf1 Nxe5 20. Bc3 f6
21. Bxe5 fxe5 22. Rxd8+ Rxd8 23. Rd1 Rxd1+ 24. Kxd1 Kd7 25. f3 Kd6 26. b4 Kd5 27. Kd2 Kd4 28. a3 b5 29. c3+ Kc4 30. Kc2 c5
31. g3 cxb4 32. axb4 Kd5 33. Kd3 a6 34. g4 Kc6 35. Ke4 Kd6 36. Ke3 Kd5=
1/2-1/2

[Event "Let's March"]
[Site "SchemingMind.com"]
[Date "2017.03.14"]
[Round "-"]
[White "Transcendent"]
[Black "Iucounu"]
[Result "1-0"]
[WhiteCountry "ENG"]
[BlackCountry "ENG"]
[WhiteElo "1541"]
[WhiteRD "64"]
[BlackElo "1556"]
[BlackRD "57"]
[GameID "411720"]

1. e4 Nf6 2. e5 Nd5 3. d4 d6 4. c4 Nb6 5. exd6 cxd6 6. Nc3 g6 7. Be3 Bg7 8. Bd3 O-O 9. Nge2 Nc6 10. O-O e5
11. dxe5 Nxe5 12. Rc1 Nxd3 13. Qxd3 Be6 14. b3 Bf5 15. Qd2 Be5 16. Nd5 Nxd5 17. Qxd5 b6 18. Bh6 Bg7 19. Bxg7 Kxg7 20. g4 Bxg4
21. Qd4+ Qf6 22. Qxg4 Rae8 23. Ng3 Qe6 24. Qd4+ Qe5 25. Qxe5+ dxe5 26. Ne4 f6 27. Rfd1 Re7 28. Rd6 Rff7 29. Rcd1 f5 30. Ng5 Rf8
31. Rd7 Re8 32. Nf3 e4 33. Ne5 Kf6 34. Rxe7 Rxe7 35. Nc6 Rc7 36. Nb4 Ke6 37. Kf1
1-0

[Event "Let's March"]
[Site "SchemingMind.com"]
[Date "2017.03.14"]
[Round "-"]
[White "Iucounu"]
[Black "Transcendent"]
[Result "1-0"]
[WhiteCountry "ENG"]
[BlackCountry "ENG"]
[WhiteElo "1556"]
[WhiteRD "57"]
[BlackElo "1541"]
[BlackRD "64"]
[GameID "411721"]

1. e4 e6 2. d4 d5 3. e5 c5 4. c3 Nc6 5. Nf3 Qb6 6. a3 Nge7 7. b4 cxd4 8. Nxd4 Nxe5 9. Be3 Qd8 10. Nd2 N7c6
11. Nxc6 Nxc6 12. Bb5 Bd7 13. Nf3 Be7 14. O-O O-O 15. a4 a6 16. Bd3 Bf6 17. Nd4 Nxd4 18. Bxd4 Bxd4 19. cxd4 Rc8 20. b5 axb5
21. Bxb5 Bxb5 22. axb5 Qb6 23. Qd3 Rc4 24. Rfb1 Qxd4 25. Qxd4 Rxd4 26. Rc1 Rc4 27. Rcb1 e5 28. Ra7 Rb8 29. Rba1
1-0

[Event "Let's March"]
[Site "SchemingMind.com"]
[Date "2017.03.14"]
[Round "-"]
[White "Iucounu"]
[Black "Wojtek26"]
[Result "1-0"]
[WhiteCountry "ENG"]
[BlackCountry "POL"]
[WhiteElo "1602"]
[WhiteRD "57"]
[BlackElo "1603"]
[BlackRD "50"]
[GameID "411722"]

1. e4 e5 2. Nf3 d6 3. d4 exd4 4. Nxd4 Nf6 5. Nc3 g6 6. Bg5 Bg7 7. Bc4 O-O 8. O-O b6 9. Bd5 c6 10. Nxc6 Nxc6
11. Bxc6 Rb8 12. Nd5 Be6 13. Nxf6+ Bxf6 14. Bxf6 Qxf6 15. c3 Qg5 16. Bd5 Bh3 17. Qf3 Be6 18. Bxe6 fxe6 19. Qd3 d5 20. exd5 Qxd5
21. Qxd5 exd5 22. Rad1 Rbd8 23. Rfe1 Rf7 24. Rd4 Kg7 25. Re5 Rfd7 26. g3 Kf6 27. f4 g5 28. Rxg5 Re7 29. Kf2 Red7 30. Kf3 h6
31. Re5 Kg6 32. g4 Kf6 33. h4 Re7 34. Rexd5 Rde8 35. Rf5+ Kg7 36. Rd3 Re2 37. Rd7+ Kh8 38. Re5 R8xe5 39. fxe5 Rxe5 40. Rxa7 Rb5
41. b4 Rd5 42. Rc7 Rd3+ 43. Kf4 Rd2 44. a4 Rf2+ 45. Kg3 Rd2 46. g5 hxg5 47. hxg5 Rd1 48. a5 bxa5 49. bxa5 Ra1 50. Ra7 Ra3
51. Kf4 Rxc3 52. g6 Rc8 53. Kf5 Rc1 54. a6 Rf1+ 55. Ke6 Re1+ 56. Kf7 Rf1+ 57. Ke8 Re1+ 58. Re7 Ra1 59. a7 Kg8 60. Kd8 Rd1+
61. Rd7 Ra1 62. Kc8 Rc1+ 63. Rc7
1-0

[Event "Let's March"]
[Site "SchemingMind.com"]
[Date "2017.03.14"]
[Round "-"]
[White "Wojtek26"]
[Black "Iucounu"]
[Result "0-1"]
[WhiteCountry "POL"]
[BlackCountry "ENG"]
[WhiteElo "1567"]
[WhiteRD "50"]
[BlackElo "1537"]
[BlackRD "67"]
[GameID "411723"]

1. e4 Nf6 2. Nc3 d5 3. exd5 Nxd5 4. Nxd5 Qxd5 5. Nf3 Bg4 6. Be2 Nc6 7. h3 Bh5 8. O-O O-O-O 9. d3 e5 10. Nxe5 Bxe2
11. Qxe2 Qxe5 12. Qg4+ f5 13. Qa4 Qd4 14. Qb5 Qc5 15. Qb3 Nd4 16. Qc4 Qxc4 17. dxc4 Nxc2 18. Rb1 Nd4 19. Be3 c5 20. Rbd1 h6
21. Rd2 g5 22. Rfd1 Bg7 23. b4 b6 24. b5 f4 25. Bxd4 cxd4 26. f3 Rhe8 27. Kf2 Re3 28. g3 d3 29. gxf4 gxf4 30. Rg1 Bd4
31. Kf1 Bc3 32. Rdg2 Re1+ 33. Kf2 d2
0-1

[Event "Let's March"]
[Site "SchemingMind.com"]
[Date "2017.03.14"]
[Round "-"]
[White "Iucounu"]
[Black "Nicola85"]
[Result "1-0"]
[WhiteCountry "ENG"]
[BlackCountry "ITA"]
[WhiteElo "1602"]
[WhiteRD "57"]
[BlackElo "1335"]
[BlackRD "79"]
[GameID "411724"]

1. e4 e5 2. Nf3 Nc6 3. Bb5 a6 4. Ba4 Nf6 5. O-O Be7 6. Re1 b5 7. Bb3 d6 8. c3 O-O 9. h3 Na5 10. Bc2 c5
11. d4 Bb7 12. d5
1-0

[Event "Let's March"]
[Site "SchemingMind.com"]
[Date "2017.03.14"]
[Round "-"]
[White "Nicola85"]
[Black "Iucounu"]
[Result "0-1"]
[WhiteCountry "ITA"]
[BlackCountry "ENG"]
[WhiteElo "1335"]
[WhiteRD "79"]
[BlackElo "1602"]
[BlackRD "57"]
[GameID "411725"]

1. d4 Nf6 2. c4 g6 3. Nc3 Bg7 4. e4 d6 5. Nf3 O-O 6. Be2 e5 7. O-O Nc6 8. d5 Ne7 9. h3 Ne8 10. Be3 f5
0-1

[Event "Let's March"]
[Site "SchemingMind.com"]
[Date "2017.03.15"]
[Round "-"]
[White "Glenn O'Brien"]
[Black "John Hamer"]
[Result "1/2-1/2"]
[WhiteCountry "AUS"]
[BlackCountry "ENG"]
[WhiteElo "1950"]
[WhiteRD "75"]
[BlackElo "1972"]
[BlackRD "66"]
[GameID "411742"]

1. e4 e5 2. Nf3 Nc6 3. Bb5 Bc5 4. O-O Nf6 5. c3 O-O 6. d4 Bb6 7. Bg5 d6 8. Qd3 h6 9. Bh4 Qe7 10. Nbd2 Bd7
11. a4 a6 12. dxe5 dxe5 13. a5 Nxa5 14. Bxf6 Bxb5 15. Bxe7 Bxd3 16. Bxf8 Rxf8 17. Rfe1 Re8 18. b3 Nc6 19. Nc4 Bc5 20. Rad1 Bc2
21. Rd5 Be7 22. Ncd2 Bd6 23. Rc1 Ne7 24. Rxc2 Nxd5 25. exd5 e4 26. Nd4 Kh7 27. f3 e3 28. Ne4 Be5 29. Nf5 Bf4 30. g3 Re5
31. Nd4 Bg5 32. Nxg5+ hxg5 33. Re2 Rxd5 34. Rxe3 c5 35. Ne2 Kg6 36. Kf2 Rd7 37. c4 b6 38. Ke1 Rd8 39. Nc3 f6 40. Nd5 Rd6
41. Re7 Kh7 42. Rb7 b5 43. Rc7 Re6+ 44. Kf2 bxc4 45. bxc4 Kg6 46. Rxc5 Re8=
1/2-1/2

[Event "Let's March"]
[Site "SchemingMind.com"]
[Date "2017.03.15"]
[Round "-"]
[White "John Hamer"]
[Black "Glenn O'Brien"]
[Result "1-0"]
[WhiteCountry "ENG"]
[BlackCountry "AUS"]
[WhiteElo "2000"]
[WhiteRD "71"]
[BlackElo "2008"]
[BlackRD "77"]
[GameID "411743"]

1. c4 e5 2. Nc3 Nf6 3. g3 Bb4 4. Bg2 O-O 5. Nf3 Nc6 6. e4 d6 7. d3 Bg4 8. h3 Bxf3 9. Bxf3 Nd4 10. Bg2 Bc5
11. O-O c6 12. Kh2 a5 13. f4 b5 14. fxe5 dxe5 15. Bg5 bxc4 16. Bxf6 gxf6 17. dxc4 Rb8 18. Na4 Ba7 19. Qh5 Re8 20. b3 Rb7
21. Rad1 Re6 22. h4 Rd6 23. c5 Rdd7 24. Bh3 Ne6 25. Bf5 Kf8 26. Qh6+ Ke7 27. Rxd7+ Rxd7 28. Bxe6 Kxe6 29. Qxh7 Ke7 30. Qg7 Ke6
31. h5 Rb7 32. h6 Qd2+ 33. Kh1 Qg5 34. Qf8 Qh5+ 35. Kg1 Kd7 36. Rxf6 Qd1+ 37. Rf1 Qd4+ 38. Rf2 Qe3 39. Qxf7+ Kd8 40. Qf8+
1-0

[Event "Let's March"]
[Site "SchemingMind.com"]
[Date "2017.03.15"]
[Round "-"]
[White "smothered mate"]
[Black "John Hamer"]
[Result "1-0"]
[WhiteCountry "POL"]
[BlackCountry "ENG"]
[WhiteElo "2076"]
[WhiteRD "77"]
[BlackElo "2005"]
[BlackRD "69"]
[GameID "411744"]

1. d4 d5 2. Bg5 Nc6 3. e3 f6 4. Bh4 e5 5. Bb5 exd4 6. exd4 Qe7+ 7. Ne2 Bd7 8. Qd2 Qe4 9. Qe3 Nge7 10. Qxe4 dxe4
11. Nbc3 O-O-O 12. O-O-O Bf5 13. d5 Ne5 14. Bg3 g6 15. Rhe1 a6 16. Ba4 Bh6+ 17. Kb1 b5 18. Bb3 c5 19. d6 N7c6 20. Bd5 Rxd6
21. Bxe4 Rhd8 22. Rxd6 Rxd6 23. f4 Nc4 24. Bxf5+ gxf5 25. Bf2 Nd2+ 26. Kc1 c4 27. Be3 Ne4 28. Nxe4 fxe4 29. Ng3 Re6 30. f5 Bxe3+
31. Rxe3 Re7 32. Rxe4 Rd7 33. c3 Ne5= 34. Rd4 Nd3+ 35. Kd2 Rb7 36. b3 Ne5 37. Ne4 Rg7 38. Ng3 Rb7= 39. Rd6 Rd7 40. Rxd7 Kxd7
41. Ne4 Ke7 42. b4 Nd3 43. Ke3 Nc1 44. Kd4 Nxa2 45. Kc5 Nc1= 46. Kb6
1-0

[Event "Let's March"]
[Site "SchemingMind.com"]
[Date "2017.03.15"]
[Round "-"]
[White "John Hamer"]
[Black "smothered mate"]
[Result "1/2-1/2"]
[WhiteCountry "ENG"]
[BlackCountry "POL"]
[WhiteElo "1972"]
[WhiteRD "66"]
[BlackElo "1947"]
[BlackRD "67"]
[GameID "411745"]

1. Nc3 d5 2. d4 c5 3. Nf3 e6 4. e4 Nf6 5. e5 Nfd7 6. dxc5 Nc6 7. Bf4 Nxc5 8. Bd3 Be7 9. O-O O-O 10. Re1 a6
11. Bg3 f5 12. exf6 Bxf6 13. a3 Qb6 14. Rb1 Qa7 15. Bd6 Rd8 16. Bf4 Rf8 17. Bd6=
1/2-1/2

[Event "Let's March"]
[Site "SchemingMind.com"]
[Date "2017.03.14"]
[Round "-"]
[White "John Hamer"]
[Black "Scooter"]
[Result "1-0"]
[WhiteCountry "ENG"]
[BlackCountry "USA"]
[WhiteElo "1983"]
[WhiteRD "71"]
[BlackElo "1644"]
[BlackRD "52"]
[GameID "411749"]

1. e4 c6 2. Nc3 d5 3. d4 dxe4 4. Nxe4 Bf5 5. Ng3 Bg6 6. Nf3 Nd7 7. h4 h6 8. h5 Bh7 9. Bd3 Bxd3 10. Qxd3 Qc7
11. Bd2 Ngf6 12. Qe2 O-O-O 13. O-O-O e6 14. Rhe1 Bd6 15. Ne5 Bxe5 16. dxe5 Nd5 17. c4 Ne7 18. f4 Nf5 19. Ne4 Kb8 20. g4 Nd4
21. Qe3 c5 22. Bc3 Nc6 23. Nxc5 Nxc5 24. Qxc5 Rxd1+ 25. Rxd1 Rd8 26. a3 Rxd1+ 27. Kxd1 Qd7+ 28. Kc2 b6 29. Qf8+ Kb7 30. Qxg7
1-0

[Event "Let's March"]
[Site "SchemingMind.com"]
[Date "2017.03.14"]
[Round "-"]
[White "Transcendent"]
[Black "John Hamer"]
[Result "0-1"]
[WhiteCountry "ENG"]
[BlackCountry "ENG"]
[WhiteElo "1541"]
[WhiteRD "64"]
[BlackElo "2012"]
[BlackRD "67"]
[GameID "411750"]

1. d4 d5 2. c4 e6 3. Nf3 Nf6 4. g3 dxc4 5. Bg2 Bb4+ 6. Bd2 Be7 7. O-O O-O 8. a4 Nc6 9. Bc3 Nd5 10. e3 Bd7
11. Nbd2 Nxc3 12. bxc3 Na5 13. Ne5 c5 14. Nexc4 Rc8 15. Nxa5 Qxa5 16. c4 Rc7 17. d5 Rd8 18. e4 Bf6 19. Ra2 exd5 20. cxd5 b6
21. Qc2 Rcc8 22. Nc4 Qa6 23. e5 Be7 24. d6 Bg5 25. Be4 g6 26. h4 Be6 27. Bd3 Bh6 28. f4 Qb7 29. h5 Re8 30. hxg6 hxg6
31. f5 gxf5 32. Bxf5 Qd5 33. Bxe6 Rxe6= 34. Rd1 Qc6 35. Qf5 Rd8 36. Rf1 Qd7 37. Raf2 Bg7 38. Qh5 Rf8 39. Qf5 Qxa4 40. Rh2 Rg6
41. Qf4 b5 42. Ne3 Qxf4 43. Rxf4 Bxe5
0-1

[Event "Let's March"]
[Site "SchemingMind.com"]
[Date "2017.03.14"]
[Round "-"]
[White "John Hamer"]
[Black "Transcendent"]
[Result "1-0"]
[WhiteCountry "ENG"]
[BlackCountry "ENG"]
[WhiteElo "1972"]
[WhiteRD "66"]
[BlackElo "1714"]
[BlackRD "62"]
[GameID "411751"]

1. b3 e5 2. Bb2 Nc6 3. c4 g6 4. e3 Bg7 5. Nc3 Nge7 6. a3 O-O 7. Nf3 d6 8. Be2 f5 9. O-O a6 10. d4 e4
11. Nd2 Nb8 12. Rc1 Be6 13. d5 Bf7 14. Qc2 Nd7 15. Rfd1 Nc5 16. b4 Nd7 17. Nb3 Ne5 18. Nd4 Rb8 19. Ne6 Bxe6 20. dxe6 Qc8
21. Nd5 N7c6 22. e7 Re8 23. c5 Nxe7 24. Nxe7+ Rxe7 25. cxd6 Rd7 26. Bc4+ Kf8 27. Be6
1-0

[Event "Let's March"]
[Site "SchemingMind.com"]
[Date "2017.03.14"]
[Round "-"]
[White "John Hamer"]
[Black "Iucounu"]
[Result "1-0"]
[WhiteCountry "ENG"]
[BlackCountry "ENG"]
[WhiteElo "1983"]
[WhiteRD "71"]
[BlackElo "1534"]
[BlackRD "81"]
[GameID "411752"]

1. c4 Nf6 2. Nf3 g6 3. d4 Bg7 4. Nc3 O-O 5. Bf4 d6 6. h3 Nbd7 7. e3 c6 8. Be2 Re8 9. O-O e5 10. dxe5 dxe5
11. Nxe5 Nxe5 12. Qxd8 Rxd8 13. Bxe5 Ne8 14. Bxg7 Nxg7 15. Rad1 Be6 16. e4 Kf8 17. Rfe1 Ke7 18. f4 Rxd1 19. Rxd1 Rd8 20. Bd3 f6
21. Kf2 Nh5 22. Kf3 a6 23. g4 Ng7 24. e5 fxe5 25. fxe5 Rd4 26. Ne2 Rd7 27. b3 g5 28. Ng3 h6 29. Ne4 b5 30. Nf6 Rd8
31. Ke2 Ne8 32. Ne4 Bf7 33. Nc5 Nc7 34. Nb7 Rd7 35. Nd6 Be6 36. Rf1 Ne8 37. c5
1-0

[Event "Let's March"]
[Site "SchemingMind.com"]
[Date "2017.03.14"]
[Round "-"]
[White "Iucounu"]
[Black "John Hamer"]
[Result "1/2-1/2"]
[WhiteCountry "ENG"]
[BlackCountry "ENG"]
[WhiteElo "1534"]
[WhiteRD "81"]
[BlackElo "1983"]
[BlackRD "71"]
[GameID "411753"]

1. e4 d5 2. exd5 Nf6 3. d4 Nxd5 4. c4 Nb6 5. Nc3 c6 6. Nf3 Bg4 7. c5 Nd5 8. Nxd5 Qxd5 9. Be2 Nd7 10. O-O e6
11. h3 Bf5 12. Bd3 Be7 13. Bxf5 Qxf5 14. Re1 O-O 15. Ne5 Rfd8 16. Nxd7 Rxd7 17. Be3 Bxc5 18. Qg4 Bb4 19. Red1 Qc2 20. b3 Rd5
21. Rdc1 Qb2 22. Qd1 Rad8 23. Rcb1 Qa3 24. Qc1 Qa5 25. a3 Bd6 26. b4 Qc7 27. Ra2 Qe7 28. Rd2 Qh4 29. Rb3 a6 30. a4 Rf5
31. a5 Qe4 32. Qe1 Re8 33. Rbb2 Qd5=
1/2-1/2

[Event "Let's March"]
[Site "SchemingMind.com"]
[Date "2017.03.14"]
[Round "-"]
[White "John Hamer"]
[Black "Wojtek26"]
[Result "0-1"]
[WhiteCountry "ENG"]
[BlackCountry "POL"]
[WhiteElo "2000"]
[WhiteRD "71"]
[BlackElo "1580"]
[BlackRD "50"]
[GameID "411754"]

1. d4 d5 2. Bf4 Nf6 3. Nf3 Nc6 4. e3 e6 5. c4 Bb4+ 6. Nc3 O-O 7. Qb3 dxc4 8. Bxc4 Ne4 9. O-O Nxc3 10. bxc3 Bd6
11. Qc2 Bxf4 12. exf4 b6 13. Rfe1 Bb7 14. f5 exf5 15. Qxf5 Ne7 16. Qd3 Ng6 17. Rad1 Nf4 18. Qe3 Nd5 19. Qd2 Qf6 20. Ne5 Rad8
21. Bd3 Nf4 22. f3 Nxd3 23. Qxd3 Rfe8 24. Re2 c5 25. Nd7 Qd6 26. dxc5 Qxd3 27. Rxd3 Rxe2 28. Nf6+ gxf6 29. Rxd8+ Kg7 30. Rd7 Bc6
31. Rxa7 bxc5 32. Rc7 Bd5 33. a4 c4 34. Rc5 Be6 35. Kf1 Ra2 36. a5 Ra3 37. f4 f5 38. g3 Rxc3 39. Ke1 Rc2 40. h3 h5
41. a6 Ra2 42. Rc6 Ra3 43. h4 Rxg3 44. Kd2 Ra3 45. Ke1 Ra2 46. Kd1= Kf8 47. Rd6 Ke7 48. Rc6 Kd7 49. Rb6 Kc7
0-1

[Event "Let's March"]
[Site "SchemingMind.com"]
[Date "2017.03.14"]
[Round "-"]
[White "Wojtek26"]
[Black "John Hamer"]
[Result "0-1"]
[WhiteCountry "POL"]
[BlackCountry "ENG"]
[WhiteElo "1580"]
[WhiteRD "50"]
[BlackElo "2000"]
[BlackRD "71"]
[GameID "411755"]

1. d4 Nf6 2. Nf3 d5 3. e3 e6 4. Bd3 Be7 5. O-O O-O 6. c4 Nbd7 7. a3 c5 8. Qd2 cxd4 9. Nxd4 e5 10. Nf5 Nc5
11. Nxe7+ Qxe7 12. cxd5 Nb3 13. Qc3 Nxa1 14. b4 Nxd5 15. Qxa1 Rd8 16. Bb2 Nxe3 17. fxe3 Rxd3 18. Bxe5 Qg5 19. Bf4 Qg6 20. Nc3 Bh3
21. Rf2 Rc8 22. Ne2 Rcd8 23. Nc3 Rxc3 24. Bg3 Qc6 25. Qxc3 Rd1+ 26. Rf1 Qxg2#
0-1

[Event "Let's March"]
[Site "SchemingMind.com"]
[Date "2017.03.14"]
[Round "-"]
[White "John Hamer"]
[Black "Nicola85"]
[Result "1-0"]
[WhiteCountry "ENG"]
[BlackCountry "ITA"]
[WhiteElo "1983"]
[WhiteRD "63"]
[BlackElo "1335"]
[BlackRD "79"]
[GameID "411756"]

1. b3 e5 2. Bb2 Nc6 3. e3 Nf6 4. c4 d5 5. cxd5 Nxd5 6. Nf3 Bd6 7. d3 O-O 8. Be2 Bg4 9. O-O Qe7 10. Nbd2 h6
11. Nc4 Rac8 12. Rc1 Bxf3 13. Bxf3
1-0

[Event "Let's March"]
[Site "SchemingMind.com"]
[Date "2017.03.14"]
[Round "-"]
[White "Nicola85"]
[Black "John Hamer"]
[Result "0-1"]
[WhiteCountry "ITA"]
[BlackCountry "ENG"]
[WhiteElo "1335"]
[WhiteRD "79"]
[BlackElo "1983"]
[BlackRD "63"]
[GameID "411757"]

1. d4 d5 2. c4 e6 3. Nc3 Nf6 4. Bg5 Be7 5. e3 Nc6 6. Nf3 O-O 7. Rc1 h6 8. Bh4 a6 9. Bd3 dxc4 10. Bxc4 Bd7
11. O-O b5 12. Bb3 g5
0-1

[Event "Let's March"]
[Site "SchemingMind.com"]
[Date "2017.03.15"]
[Round "-"]
[White "Glenn O'Brien"]
[Black "Chessibelle"]
[Result "1-0"]
[WhiteCountry "AUS"]
[BlackCountry "ENG"]
[WhiteElo "2008"]
[WhiteRD "77"]
[BlackElo "1106"]
[BlackRD "61"]
[GameID "411797"]

1. e4 e5 2. Nf3 Nc6 3. Bb5 d6 4. d4 Bd7 5. Nc3 Nf6 6. O-O Be7 7. Re1 O-O 8. Bxc6 Bxc6 9. dxe5 Nd7 10. exd6 Bxd6
11. Bg5 f6 12. Bh4 h6 13. Nd4 Qe7 14. Nf5 Qe5 15. Bg3 Qc5 16. Nxd6 cxd6 17. Bxd6 Rfe8 18. Bxc5 g5 19. Qh5 b6 20. Qg6+ Kh8
21. Qxh6+ Kg8 22. Qg6+ Kh8 23. Re3
1-0

[Event "Let's March"]
[Site "SchemingMind.com"]
[Date "2017.03.15"]
[Round "-"]
[White "Chessibelle"]
[Black "Glenn O'Brien"]
[Result "0-1"]
[WhiteCountry "ENG"]
[BlackCountry "AUS"]
[WhiteElo "1106"]
[WhiteRD "57"]
[BlackElo "2023"]
[BlackRD "86"]
[GameID "411798"]

1. e4 e5 2. Nc3 Nf6 3. d3 Nc6 4. Nf3 Bb4 5. Bd2 O-O 6. Be2 d6 7. a3 Ba5 8. O-O h6 9. Nh4 Bxc3 10. Bxc3 Nxe4
11. Bd2 Nxd2 12. Qxd2 Qxh4 13. h3 Qg5 14. f4 exf4 15. Rxf4 Bxh3 16. Kh2 Qxg2#
0-1

[Event "Let's March"]
[Site "SchemingMind.com"]
[Date "2017.03.15"]
[Round "-"]
[White "smothered mate"]
[Black "Chessibelle"]
[Result "1-0"]
[WhiteCountry "POL"]
[BlackCountry "ENG"]
[WhiteElo "1924"]
[WhiteRD "68"]
[BlackElo "1106"]
[BlackRD "61"]
[GameID "411799"]

1. e4 e5 2. Nf3 Nc6 3. Bc4 h6 4. d4 Bd6 5. O-O Nf6 6. dxe5 Nxe5 7. Nxe5 Bxe5 8. f4 Bd6 9. e5 Bc5+ 10. Kh1 O-O
11. exf6 Qxf6 12. Nc3 Bb6 13. Nd5 Qc6 14. Ne7+
1-0

[Event "Let's March"]
[Site "SchemingMind.com"]
[Date "2017.03.15"]
[Round "-"]
[White "Chessibelle"]
[Black "smothered mate"]
[Result "0-1"]
[WhiteCountry "ENG"]
[BlackCountry "POL"]
[WhiteElo "1106"]
[WhiteRD "61"]
[BlackElo "1924"]
[BlackRD "68"]
[GameID "411800"]

1. e4 e6 2. Nc3 c5 3. b3 d5 4. Bd3 Nc6 5. Nf3 Nf6 6. O-O Be7 7. h3 Bd7 8. Ne2 dxe4 9. Bc4 exf3 10. Nf4 e5
11. Nd3 e4 12. Nf4 g5 13. Nh5 Nxh5 14. d3 g4 15. Re1 gxh3 16. g3 Nd4 17. Bb2 Ne2+ 18. Kh2 Rg8 19. dxe4 Qc7 20. Kh1 Nhxg3+
21. Kh2 Nxe4+ 22. Kh1 Nxf2#
0-1

[Event "Let's March"]
[Site "SchemingMind.com"]
[Date "2017.03.14"]
[Round "-"]
[White "Chessibelle"]
[Black "Scooter"]
[Result "0-1"]
[WhiteCountry "ENG"]
[BlackCountry "USA"]
[WhiteElo "1106"]
[WhiteRD "57"]
[BlackElo "1644"]
[BlackRD "52"]
[GameID "411804"]

1. e4 c6 2. d3 d5 3. Nc3 dxe4 4. Nxe4 Bf5 5. Qf3 Bxe4 6. dxe4 g6 7. Nh3 Bg7 8. Ng5 Nf6 9. Bc4 e6 10. a3 O-O
11. Bd3 Bh6 12. O-O Qa5 13. Qxf6 Nd7 14. Qf3 Bxg5 15. Bxg5 Qxg5 16. g3 Ne5 17. Qe2 Qg4 18. f3 Qh3 19. g4 Rad8 20. f4 Nxg4
21. Kh1 b5 22. Rg1 Nf6 23. Rad1 Nh5 24. c4 Nxf4 25. Qf2 Nxd3 26. Qe2 Rd4 27. b3 Rfd8 28. Rg3 Qh4 29. Rf1 Qxe4+ 30. Qf3 Qxf3+
31. Rgxf3 R8d7 32. Rh3 Rf4 33. Rg1 Nf2+ 34. Kg2 Nxh3 35. Kxh3 bxc4 36. b4 Rd3+ 37. Kg2 Rxa3 38. Rd1 c3 39. Kg3 Rxb4 40. Rd8+ Kg7
41. h4 c2+
0-1

[Event "Let's March"]
[Site "SchemingMind.com"]
[Date "2017.03.14"]
[Round "-"]
[White "Transcendent"]
[Black "Chessibelle"]
[Result "1-0"]
[WhiteCountry "ENG"]
[BlackCountry "ENG"]
[WhiteElo "1714"]
[WhiteRD "62"]
[BlackElo "1123"]
[BlackRD "65"]
[GameID "411805"]

1. d4 d5 2. c4 e6 3. Nf3 Nc6 4. Nc3 Nf6 5. Bg5 Be7 6. e3 O-O 7. a3 a6 8. Bd3 g6 9. h4 Qd6 10. Bxf6 Bxf6
11. h5 e5 12. cxd5 Ne7 13. dxe5 Bxe5 14. Nxe5 Qxe5 15. hxg6 fxg6 16. Qb3 Kg7 17. Qc4 Bd7 18. Qh4 h5 19. O-O-O Rh8 20. Rhe1 b5
21. f4 Qd6 22. e4 Raf8 23. e5 Qc5 24. e6 Bc8 25. Bc2 Rf6 26. Ne4 Qc4 27. Qxf6+ Kh7 28. Ng5+ Kh6 29. Qxh8#
1-0

[Event "Let's March"]
[Site "SchemingMind.com"]
[Date "2017.03.14"]
[Round "-"]
[White "Chessibelle"]
[Black "Transcendent"]
[Result "0-1"]
[WhiteCountry "ENG"]
[BlackCountry "ENG"]
[WhiteElo "1123"]
[WhiteRD "65"]
[BlackElo "1714"]
[BlackRD "62"]
[GameID "411806"]

1. e4 c6 2. d3 d5 3. Nc3 d4 4. Nce2 c5 5. Bd2 e5 6. g3 Nc6 7. c3 Bd6 8. Nf3 f5 9. Bg2 Nf6 10. O-O O-O
11. Ng5 h6 12. Nh3 fxe4 13. dxe4 Bxh3 14. Bxh3 Nxe4 15. Bc1 Ng5 16. Bf5 Rxf5 17. a3 Bc7 18. f4 exf4 19. gxf4 Ne4 20. Qb3+ Kh8
21. Qe6 Qf8 22. Qg6 dxc3 23. bxc3 c4 24. Be3 Re8 25. Rad1 Nxc3 26. Ng3 Rf6 27. Qc2 Rxe3 28. Rd7 Bxf4 29. Nh5 Ne2+ 30. Kh1 Ncd4
31. Qxc4 b5 32. Qc7 Bxc7 33. Rg1 Nxg1 34. Kxg1 Rf1+ 35. Kg2 Qf3#
0-1

[Event "Let's March"]
[Site "SchemingMind.com"]
[Date "2017.03.14"]
[Round "-"]
[White "John Hamer"]
[Black "Chessibelle"]
[Result "1-0"]
[WhiteCountry "ENG"]
[BlackCountry "ENG"]
[WhiteElo "1983"]
[WhiteRD "71"]
[BlackElo "1106"]
[BlackRD "57"]
[GameID "411807"]

1. c4 d6 2. Nf3 Nf6 3. d4 Bd7 4. Nc3 e5 5. dxe5 Ng4 6. Bg5 f6 7. exf6 gxf6 8. Bh4 Be7 9. e4 c5 10. Qd5 Nc6
11. Be2 Qb6 12. Qh5+ Kd8 13. O-O-O Nb4 14. h3 Qa6 15. a3 Nc6 16. hxg4 Kc7 17. Nd5+ Kd8 18. Nxe7 Nxe7 19. Bxf6 Kc7 20. Bxe7 Rae8
21. Bxd6+ Kb6 22. Qxc5#
1-0

[Event "Let's March"]
[Site "SchemingMind.com"]
[Date "2017.03.14"]
[Round "-"]
[White "Chessibelle"]
[Black "John Hamer"]
[Result "0-1"]
[WhiteCountry "ENG"]
[BlackCountry "ENG"]
[WhiteElo "1106"]
[WhiteRD "57"]
[BlackElo "1983"]
[BlackRD "71"]
[GameID "411808"]

1. e4 e5 2. Nc3 Nf6 3. Nf3 d6 4. Be2 Nc6 5. O-O Be6 6. a3 Be7 7. Bd3 O-O 8. Re1 a6 9. b4 Rc8 10. Be2 Nd4
11. Bf1 c5 12. d3 Bg4 13. Bg5 cxb4 14. axb4 Rxc3 15. Ra2 Qc7 16. Be3 Nxc2 17. Re2 Nxb4 18. Rab2 Nxd3 19. Rb1 Nxe4 20. h3 Bf5
21. Nh4 Bxh4 22. g4 Ndxf2 23. Qa4 Ng3 24. Rxf2 Bxb1 25. Bg2 Rxe3 26. Qb4 Qc1+ 27. Kh2 Re1 28. Qxb7 e4 29. Qd7 Rh1+
0-1

[Event "Let's March"]
[Site "SchemingMind.com"]
[Date "2017.03.14"]
[Round "-"]
[White "Iucounu"]
[Black "Chessibelle"]
[Result "1-0"]
[WhiteCountry "ENG"]
[BlackCountry "ENG"]
[WhiteElo "1534"]
[WhiteRD "81"]
[BlackElo "1106"]
[BlackRD "57"]
[GameID "411809"]

1. e4 e5 2. Nf3 Nc6 3. Bb5 d6 4. d4 Bd7 5. d5 Nce7 6. Qe2 Nf6 7. Nc3 g6 8. O-O c6 9. dxc6 bxc6 10. Ba4 Bg4
11. h3 Be6 12. Bg5 Bg7 13. Rad1 d5 14. exd5 Bd7 15. dxc6 Nxc6 16. Bxc6 O-O 17. Rxd7 Qb6 18. Bxa8 Qxb2 19. Rd3 Rxa8 20. Rb1 Qa3
21. Rb3 Qe7 22. Qxe5 Qe6 23. Qxe6 fxe6 24. Re3 Kf7 25. Rb7+ Kg8 26. Ne4 Nd5 27. Rd3 h6 28. Bd2 a6 29. a3 Rc8 30. c3 g5
31. Nd4 Rf8 32. Nxe6 Re8 33. Nxg7 Ne7 34. Nxe8
1-0